Countries From Four Words #14 - Statistics

General Stats
  • This quiz has been taken 321 times
  • The average score is 6 of 8
Answer Stats
Answer % Correct
China
97%
Nepal
97%
India
96%
Japan
96%
Chile
54%
Canada
51%
Chad
47%
Iceland
25%
No matching quizzes found
Score Distribution
Percent of People with Each Score
Percentile by Number Answered
Your Score History
You have not taken this quiz